000 01575pam a22003977a 4500
001 15048767
003 OSt
005 20150408114027.0
008 071018s2007 enka b 101 0 eng
010 _a 2007534081
015 _aGBA724844
_2bnb
016 7 _a013705028
_2Uk
020 _a9781845640866
020 _a1845640861
035 _a(OCoLC)ocn122284715
040 _aUKM
_cUKM
_dYDXCP
_dBTCTA
_dBAKER
_dC#P
_dDLC
042 _aukblsr
_alccopycat
050 0 0 _aTH1094
_b.I58 2007
082 0 4 _a693.8
_222
111 2 _aInternational Conference on the Art of Resisting Extreme Natural Forces
_n(1st :
_d2007 :
_cWessex Institute of Technology)
_912082
245 1 4 _aThe art of resisting extreme natural forces /
_ceditors, S. Hernández, C.A. Brebbia.
260 _aSouthampton :
_bWIT,
_cc2007.
300 _a121 p. :
_bill. ;
_c24 cm.
440 0 _aWIT transactions on engineering sciences ;
_vv. 58
_912083
504 _aIncludes bibliographical references and index.
650 0 _aBuildings
_xNatural disaster effects
_vCongresses.
_912084
650 0 _aStructural engineering
_vCongresses.
_912085
650 0 _aLoad factor design
_vCongresses.
_912086
653 1 _aEngineering nature
653 1 _aResisting extreme natural forces
700 1 _aHernández, S.
_q(Santiago),
_d1951-
_912001
700 1 _aBrebbia, C. A.
_911979
856 4 1 _3Table of contents
_uhttp://www.loc.gov/catdir/toc/fy0802/2007534081.html
942 _2ddc
_cBOOK
999 _c22525
_d257025